00986nam a2200229Ia 4500003000400000005001700004008004100021040002100062041000700083082002600090110003400116245013400150260004000284300007800324501003600402505008700438650003200525650003900557942001200596999001700608952013100625OSt20211122122514.0210310s2002 it ad gr 000 0 it d aCO-JMCRcCO-JMCR0 ait01a336.3006 /bB213i2232 aBanca D'italia eautor94163610aThe impact of fiscal policy : bpapers presented at the Bank of Italy Worhshop held in Perugia, 21-23 March 2002cBanca d´Italia aPerugia : bBanca d´Italia, c2002 a853 páginas : bilustraciones y gráficas en blanco y negro ; c24 cm. aCon: notas a pie de páginas. 0 aIndicators of fiscal impact. -- Fiscal stabilisaton. -- Fiscal policy and growth. 14aLa política fiscal92920024aImpacto vpolítica fiscal941637 2ddccBK c12779d12779 00102ddc4070aCPLbCPLcGENd2018-04-15eDonacióno336.3006 / B213ip430003501r2024-05-16 00:00:00tEj.1w2021-03-10yBK